| 000 | 00677nam a2200229Ia 4500 | ||
|---|---|---|---|
| 003 | GCL | ||
| 008 | 140319s9999 xx 000 0 ara d | ||
| 040 |
_aGCL / _cGCL |
||
| 082 | 0 | 4 |
_a190 _bأ ع |
| 100 | 1 | _aفؤاد زكريا | |
| 245 | 1 | 0 |
_aعصر الايدلوجية / _cفؤاد زكريا |
| 700 | 1 | _aعبدالرحمن بدوى | |
| 700 | 1 | _aايكسن، هنرى د | |
| 260 |
_a[S.N] : _bمكتبة الانجلوالمصرية ، _c1963 |
||
| 300 | _a335 ص | ||
| 490 |
_aالالف كتاب _v0 |
||
| 650 | 0 | 4 | _aالفلسفة |
| 650 | 0 | 4 | _aالفلسفة الغربية |
| 650 | 0 | 4 | _aالقرن التاسع عشر |
| 650 | 0 | 4 | _aكنت |
| 942 |
_2ddc _cBK |
||
| 999 |
_c37162 _d37162 |
||